| 000 | 01047cam a2200385 i 4500 | ||
|---|---|---|---|
| 001 | |||
| 003 | OSt | ||
| 005 | 20220107122802.0 | ||
| 008 | 140311s2014 enk b 001 0 eng | ||
| 010 | _a | ||
| 020 | _a9780521700368 | ||
| 040 |
_a _b _e _cIIITMK _d |
||
| 041 | 1 |
_a _h |
|
| 042 | _a | ||
| 050 | 0 | 0 |
_a _b |
| 082 | 0 | 0 |
_a004.678S SZE/S _2 |
| 084 |
_a _2 |
||
| 100 | 1 | a |
_d _e _97117 _aSzeredi. Peter |
| 240 | 1 | 0 |
_a _l |
| 245 | 1 | 4 |
_aThe semantic web explained: _bThe technology and mathematics behind Web 3.0 _c Péter Szeredi |
| 260 |
_aUnited Kingdom, _bCambridge University Press, _c2014 |
||
| 300 |
_avii, 471 p. _c |
||
| 504 | _aIncludes bibliographical references (pages 451-459) and index. | ||
| 505 | 8 | _a | |
| 520 | _a | ||
| 650 | 0 |
_aCOMPUTER SCIENCE _97118 |
|
| 650 | 0 |
_aDATABASE MANAGEMENT _97119 |
|
| 650 | 7 |
_aSEMANTIC WEB _2 _97120 |
|
| 650 | 7 |
_aWEB 3.0 _99704 |
|
| 700 | 1 |
_aLukácsy, Gergely, _97121 |
|
| 700 | 1 |
_aBenkő, Tamás, _97122 |
|
| 856 | 4 | 2 |
_3 _u |
| 942 |
_2ddc _cBK |
||
| 999 |
_c4745 _d4745 |
||